<?xml version="1.0" encoding="UTF-8"?>
<record
    xmlns:xsi="http://www.w3.org/2001/XMLSchema-instance"
    xsi:schemaLocation="http://www.loc.gov/MARC21/slim http://www.loc.gov/standards/marcxml/schema/MARC21slim.xsd"
    xmlns="http://www.loc.gov/MARC21/slim">

  <leader>01869nam a2200301 i 4500</leader>
  <controlfield tag="001">000012408</controlfield>
  <controlfield tag="003">DO-SdBNP</controlfield>
  <controlfield tag="005">20250904084913.0</controlfield>
  <controlfield tag="007">ta</controlfield>
  <controlfield tag="008">091112s1985    dr a          000 j spa d</controlfield>
  <datafield tag="040" ind1=" " ind2=" ">
    <subfield code="a">DO-SdBNP</subfield>
    <subfield code="b">spa</subfield>
    <subfield code="c">BNPHU</subfield>
    <subfield code="e">rda</subfield>
  </datafield>
  <datafield tag="041" ind1=" " ind2=" ">
    <subfield code="a">spa</subfield>
  </datafield>
  <datafield tag="082" ind1=" " ind2="4">
    <subfield code="a">RD863.44</subfield>
    <subfield code="b">P925c 1984</subfield>
    <subfield code="2">22</subfield>
  </datafield>
  <datafield tag="111" ind1="2" ind2=" ">
    <subfield code="a">Premio Casa de Teatro</subfield>
    <subfield code="n">(7 :</subfield>
    <subfield code="d">1984 :</subfield>
    <subfield code="c">Santo Domingo)</subfield>
    <subfield code="9">29104</subfield>
  </datafield>
  <datafield tag="245" ind1="1" ind2="0">
    <subfield code="a">Cuentos premiados 1984 /</subfield>
    <subfield code="c">presentaci&#xF3;n, Freddy Ginebra.</subfield>
  </datafield>
  <datafield tag="264" ind1=" " ind2="1">
    <subfield code="a">Santo Domingo :</subfield>
    <subfield code="b">Casa de Teatro,</subfield>
    <subfield code="b">Editora Taller,</subfield>
    <subfield code="c">1985.</subfield>
  </datafield>
  <datafield tag="300" ind1=" " ind2=" ">
    <subfield code="a">115 p&#xE1;ginas :</subfield>
    <subfield code="b">ilustraciones ;</subfield>
    <subfield code="c">21 cm.</subfield>
  </datafield>
  <datafield tag="336" ind1=" " ind2=" ">
    <subfield code="a">texto</subfield>
    <subfield code="b">txt</subfield>
    <subfield code="2">rdacontent</subfield>
  </datafield>
  <datafield tag="337" ind1=" " ind2=" ">
    <subfield code="a">sin mediaci&#xF3;n</subfield>
    <subfield code="b">n</subfield>
    <subfield code="2">rdamedia</subfield>
  </datafield>
  <datafield tag="338" ind1=" " ind2=" ">
    <subfield code="a">volumen</subfield>
    <subfield code="b">nc</subfield>
    <subfield code="2">rdacarrier</subfield>
  </datafield>
  <datafield tag="500" ind1=" " ind2=" ">
    <subfield code="a">Recopilaci&#xF3;n de los trabajos galardonados por el VII Premio Casa de Teatro</subfield>
  </datafield>
  <datafield tag="505" ind1="0" ind2=" ">
    <subfield code="a">Palabras de presentaci&#xF3;n --</subfield>
    <subfield code="t">Veredicto --</subfield>
    <subfield code="t">Primer premio : Pormenores de una servidumbre /</subfield>
    <subfield code="r">Pedro Peix (Seud&#xF3;nimo :" Gartinez") --</subfield>
    <subfield code="t">Segundo premio : Visitaci&#xF3;n /</subfield>
    <subfield code="r">Manuel Garc&#xED;a Cartagena (Seud&#xF3;nimo : "Azrael ") --</subfield>
    <subfield code="t">Tercer premio : Desolaci&#xF3;n oto&#xF1;al /</subfield>
    <subfield code="r">Mayra Estrada Paulino (Seud&#xF3;nimo : " Vladimir Brik") --</subfield>
    <subfield code="t">Mensiones honor&#xED;ficas:</subfield>
    <subfield code="t">La tumba que ha de tener la Alaika /</subfield>
    <subfield code="r">Jos&#xE9; Cabrera (Seud&#xF3;nimo :" Lobo Rojo" )</subfield>
    <subfield code="t">Ay, Yanet asi no se puede! /</subfield>
    <subfield code="r">Pedro Camilo Camilo (Seud&#xF3;nimo :" Juan Preciado") --</subfield>
    <subfield code="t">Complice de la subversi&#xF3;n /</subfield>
    <subfield code="r">Ricardo Rivera Aybar (Seud&#xF3;nimo : " Abdul el kadeer")</subfield>
    <subfield code="t">Pedazos de abuela y tierra /</subfield>
    <subfield code="r">Reynaldo Disla (Seud&#xF3;nimo : "Zeus Rominus")</subfield>
    <subfield code="t">Y la estrella brillaba ... brillaba /</subfield>
    <subfield code="r">Rosario C. Then Hern&#xE1;ndez (Seud&#xF3;nimo : "Sheena")</subfield>
    <subfield code="t">Solo son ellos /</subfield>
    <subfield code="r">Rosario C. Then Hern&#xE1;ndez (Seud&#xF3;nimo :" Sheena")</subfield>
  </datafield>
  <datafield tag="590" ind1=" " ind2=" ">
    <subfield code="a">Inventariado, 2020 /LP</subfield>
  </datafield>
  <datafield tag="700" ind1="1" ind2="2">
    <subfield code="a">Ginebra, Freddy</subfield>
    <subfield code="9">21605</subfield>
    <subfield code="e">presentador</subfield>
    <subfield code="4">pr.</subfield>
  </datafield>
  <datafield tag="710" ind1="2" ind2=" ">
    <subfield code="a">Casa de Teatro (Rep&#xFA;blica Dominicana)</subfield>
    <subfield code="9">26649</subfield>
  </datafield>
  <datafield tag="910" ind1=" " ind2=" ">
    <subfield code="a">Validado. Control de calidad MFF</subfield>
  </datafield>
  <datafield tag="942" ind1=" " ind2=" ">
    <subfield code="2">ddc</subfield>
    <subfield code="c">LBS1</subfield>
  </datafield>
  <datafield tag="952" ind1=" " ind2=" ">
    <subfield code="0">0</subfield>
    <subfield code="1">0</subfield>
    <subfield code="2">ddc</subfield>
    <subfield code="5">1</subfield>
    <subfield code="7">0</subfield>
    <subfield code="8">PD</subfield>
    <subfield code="a">BNPHU</subfield>
    <subfield code="b">BNPHU</subfield>
    <subfield code="c">HD</subfield>
    <subfield code="d">2009-11-12</subfield>
    <subfield code="l">0</subfield>
    <subfield code="o">BNPHU PD RD863.44 P925c 1984</subfield>
    <subfield code="p">12408-10</subfield>
    <subfield code="r">2020-06-25</subfield>
    <subfield code="w">2020-06-25</subfield>
    <subfield code="y">LBS1</subfield>
    <subfield code="Z">No se presta</subfield>
  </datafield>
  <datafield tag="952" ind1=" " ind2=" ">
    <subfield code="0">0</subfield>
    <subfield code="1">0</subfield>
    <subfield code="2">ddc</subfield>
    <subfield code="5">1</subfield>
    <subfield code="7">0</subfield>
    <subfield code="8">PD</subfield>
    <subfield code="a">BNPHU</subfield>
    <subfield code="b">BNPHU</subfield>
    <subfield code="c">HD</subfield>
    <subfield code="d">2023-11-22</subfield>
    <subfield code="e">Donaci&#xF3;n </subfield>
    <subfield code="l">0</subfield>
    <subfield code="o">BNPHU PD RD863.44 P925c 1984</subfield>
    <subfield code="p">2025-9385</subfield>
    <subfield code="r">2025-09-03</subfield>
    <subfield code="t">e.2</subfield>
    <subfield code="w">2025-09-03</subfield>
    <subfield code="y">LBS1</subfield>
  </datafield>
  <datafield tag="952" ind1=" " ind2=" ">
    <subfield code="0">0</subfield>
    <subfield code="1">0</subfield>
    <subfield code="2">ddc</subfield>
    <subfield code="5">6</subfield>
    <subfield code="7">0</subfield>
    <subfield code="8">DS</subfield>
    <subfield code="a">BNPHU</subfield>
    <subfield code="b">BNPHU</subfield>
    <subfield code="c">HD</subfield>
    <subfield code="d">2023-11-22</subfield>
    <subfield code="e">Donaci&#xF3;n </subfield>
    <subfield code="l">0</subfield>
    <subfield code="o">BNPHU DS RD863.44 P925c 1984</subfield>
    <subfield code="p">2025-9386</subfield>
    <subfield code="r">2025-09-03</subfield>
    <subfield code="t">e.3</subfield>
    <subfield code="w">2025-09-03</subfield>
    <subfield code="y">LBS1</subfield>
  </datafield>
  <datafield tag="999" ind1=" " ind2=" ">
    <subfield code="c">12065</subfield>
    <subfield code="d">12065</subfield>
  </datafield>
</record>
